| 000 | 00678cad a22002295a 4500 | ||
|---|---|---|---|
| 001 | L157600 | ||
| 008 | 100707e2010 xxk 000 0 eng d | ||
| 020 | _a9781842197127 | ||
| 035 | _a(Sirsi) u157600 | ||
| 041 | 0 | _aeng | |
| 100 | 1 | _aDare, Peter | |
| 110 | 2 |
_aRoyal Institution of Chartered Surveyors _94900 |
|
| 245 | 0 | 0 | _aAssessment of atmospheric errors on gps in the arctic |
| 260 |
_aLondon _bRICS _c2011 |
||
| 490 |
_aFiBRESERIES _bfindings in built and rural environments |
||
| 520 | _aAn assessment of atmospheric errors on gps in the arctic | ||
| 590 | _aKA | ||
| 651 | 4 |
_aUnited Kingdom _y |
|
| 690 | _aGPS | ||
| 710 | _aGhoddousi-Fard, Reza | ||
| 942 | _n0 | ||
| 999 |
_c114864 _d114864 |
||